Estrelas e planetas (Registo nº 4393)
[ vista simples ]
| 000 -Etiqueta do registo | |
|---|---|
| Cabeçalho | 00859cam a2200277 4500 |
| 005 - Identificador da versão | |
| Campo de controlo | 20240813122100.0 |
| 010 ## - Número internacional normalizado dos livros (ISBN) | |
| Número (ISBN) | 9727071155 |
| 100 ## - Dados gerais de processamento | |
| Dados gerais de processamento | 20070803d1998 demy0pory5003 ba |
| 102 ## - Pais de publicação ou produção | |
| País de publicação | Portugal |
| 101 1# - Língua de publicação | |
| Língua do texto, banda sonora, etc. | Português |
| Língua do documento no original | Inglês |
| 215 ## - Descrição física | |
| Indicação específica da natureza do documento e extensão da espécie | 125, [2] p. |
| Outras indicações físicas | muito il. color. |
| Dimensões | 18 cm |
| 200 1# - Titulo e menção de responsabilidade | |
| Título próprio | Estrelas e planetas |
| Informação de outro título | [guia prático para a observação do céu nocturno] |
| Primeira menção de responsabilidade | Pamela Forey, C. Fitzsimons |
| Outras menções de responsabilidade | trad. Guilherme de Almeida |
| 225 1# - Colecção | |
| Título próprio da colecção | Pequenos guias da natureza |
| 205 ## - Menção da edição | |
| Menção da edição | 2ª ed |
| 210 ## - Publicação, Distribuição, etc. | |
| Lugar da edição, distribuição, etc. | Lisboa |
| Nome do editor, distribuidor, etc. | Plátano |
| Data da publicação, distribuição, etc. | 1998 |
| 675 ## - Classificação Decimal Universal (CDU) | |
| Notação | 524 |
| Edição | BN |
| Língua da edição | por |
| Notação | 523.4 |
| Edição | BN |
| Língua da edição | por |
| Notação | 523/524 |
| Edição | BN |
| Língua da edição | por |
| 702 ## - Nome de autor-pessoa física (responsabilidade secundária) | |
| Número de registo de entrada de autoridade | 0001210 |
| Palavra de ordem | Almeida |
| Outra parte do nome não tomada para palavra de ordem | Guilherme de |
| Código de função | Tradutor |
| 701 ## - Nome de autor-pessoa física (co-responsabilidade principal) | |
| Palavra de ordem | Fitzsimons |
| Outra parte do nome não tomada para palavra de ordem | Cecilia |
| Código de função | Autor / Co-autor |
| 700 ## - Nome de autor-pessoa física (responsabilidade principal) | |
| Número de registo de entrada de autoridade | 0000762 |
| Palavra de ordem | Forey |
| Outra parte do nome não tomada para palavra de ordem | Pamela |
| 942 ## - Elementos de entrada adicionados (Koha) | |
| Tipo de item no Koha | Livro |
| Situação do levantamento | Origin of item (home branch) (coded) | Biblioteca de empréstimo | Código de barras | Cota | Circulation type (not for loan) | Tipo de documento | Nota do exemplar | Damaged status |
|---|---|---|---|---|---|---|---|---|
| Biblioteca Escolar das Vendas | Biblioteca Escolar das Vendas | BEV1308 | 5AST FOR | Livro | Sem mensagem |
